Despacito - Statystyki

Ogólne statystyki
  • Ten quiz został rozwiązany 6 razy
  • Średni wynik to 4 z 17
Statystyki odpowiedzi
Hint Odpowiedź % Poprawnych
Szwecki Despacito
67%
Fiński Despacito
67%
Polski Powoli
50%
Niemiecki Baby Langsam
17%
Duński Biaolakson
17%
Norweski Despeacito
17%
Tuvalu Doiseddilo
17%
Eski|estoński Haza'pyzzi
17%
Liteski|litewski Lenai
17%
Łoski|łotewski Lenam
17%
Keczua Majka
17%
Islandzki Storkòslega
17%
Francuski Thu du symma
17%
Marshalski Uro Łate
17%
Rosyjski Yespaciba
17%
Luksemburgski Hai daszt szpihl
0%
Kreole haiti Three gute se
0%
Nie znaleziono quizów pasujących do podanych kryteriów
Rozkład punktacji
Procent ludzi z każdym wynikiem
Percentyl według liczby udzielonych odpowiedzi
Twoja historia wyników
Nie rozwiązałeś tego quizu